| 000 | 00876cam a2200205 4500 | ||
|---|---|---|---|
| 005 | 20251104102115.0 | ||
| 008 | 251104b mx ||||| |||| 00| 0 spa d | ||
| 020 | _a9688428973 | ||
| 050 | 0 | 4 |
_aF1231.2 _bM46 1999 |
| 100 | 1 | _aMentz, Brigida Von | |
| 245 | 1 | 0 |
_aTrabajo, sujeción y libertad en el centro de la Nueva España _b : esclavos, aprendices, campesinos y operarios manufactureros : siglos XVI a XVIII _c / Brígida Von Mentz |
| 250 | _a1a ed. | ||
| 260 |
_aMéxico : _bCIESAS : _bMiguel Ángel Porrúa, _c1999 |
||
| 300 |
_a469 paginas : _bilustraciones, algunas a color ; _c23 cm. |
||
| 504 | _aIncluye apéndice | ||
| 650 | 7 |
_2lemb _aEsclavos _zMéxico _xHistoria _vColonia española, 1540-1810 |
|
| 650 | 7 |
_aTrabajo _zMéxico _xHistoria _vColonia española, 1540-1810 |
|
| 651 | 7 |
_2lemb _aMéxico _xHistoria _yColonia española, 1540-1810 |
|
| 942 |
_2lcc _cLIB |
||
| 999 |
_c79101 _d79101 |
||